MARC details
| 000 -LEADER |
| fixed length control field |
02626cam a2200481 i 4500 |
| 001 - CONTROL NUMBER |
| control field |
sjds18118047 |
| 003 - CONTROL NUMBER IDENTIFIER |
| control field |
sjds |
| 005 - DATE AND TIME OF LATEST TRANSACTION |
| control field |
20161003140710.0 |
| 008 - FIXED-LENGTH DATA ELEMENTS--GENERAL INFORMATION |
| fixed length control field |
140407t20152015scua j b 000 0 eng c |
| 010 ## - LIBRARY OF CONGRESS CONTROL NUMBER |
| LC control number |
2014011054 |
| 020 ## - INTERNATIONAL STANDARD BOOK NUMBER |
| International Standard Book Number |
9781628554472 (english hardcover : alk. paper) |
| 020 ## - INTERNATIONAL STANDARD BOOK NUMBER |
| International Standard Book Number |
9781628554557 (english pbk. : alk. paper) |
| 020 ## - INTERNATIONAL STANDARD BOOK NUMBER |
| Canceled/invalid ISBN |
9781628554717 (english downloadable ebook) |
| 020 ## - INTERNATIONAL STANDARD BOOK NUMBER |
| Canceled/invalid ISBN |
9781628554878 (english interactive dual-language ebook) |
| 020 ## - INTERNATIONAL STANDARD BOOK NUMBER |
| Canceled/invalid ISBN |
9781628554632 (spanish pbk. : alk. paper) |
| 020 ## - INTERNATIONAL STANDARD BOOK NUMBER |
| Canceled/invalid ISBN |
9781628554793 (spanish downloadable ebook) |
| 020 ## - INTERNATIONAL STANDARD BOOK NUMBER |
| Canceled/invalid ISBN |
9781628554953 (spanish interactive dual-language ebook) |
| 040 ## - CATALOGING SOURCE |
| Original cataloging agency |
NJQ/DLC |
| Language of cataloging |
eng |
| Transcribing agency |
NJQ |
| Description conventions |
rda |
| Modifying agency |
DLC |
| 041 ## - LANGUAGE CODE |
| Language code of text/sound track or separate title |
spa |
| 042 ## - AUTHENTICATION CODE |
| Authentication code |
pcc |
| 050 00 - LIBRARY OF CONGRESS CALL NUMBER |
| Classification number |
QL677.78 |
| Item number |
.C88 2015 |
| 082 04 - DEWEY DECIMAL CLASSIFICATION NUMBER |
| Classification number |
639.97/89 |
| Edition number |
23 |
| 100 1# - MAIN ENTRY--PERSONAL NAME |
| Personal name |
Curtis, Jennifer Keats, |
| Relator term |
author. |
| 245 10 - TITLE STATEMENT |
| Title |
Centros de aves rapaces = Raptor centers / |
| Statement of responsibility, etc. |
by Jennifer Keats Curtis ; with California Raptor Center, UC Davis School of Veterinary Medicine, Carolina Raptor Center, Raptor Rehabilitation of Kentucky, Rocky Mountain Raptor Program, The Raptor Center at the University of Minnesota, Tri-State Bird Rescue & Research, and Peter McGowan of the U.S. Fish and Wildlife Service. |
| 246 13 - VARYING FORM OF TITLE |
| Title proper/short title |
Animal helpers--raptor centers |
| 246 13 - VARYING FORM OF TITLE |
| Title proper/short title |
Ayudantes de animales: centros de aves rapaces |
| 260 ## - PUBLICATION, DISTRIBUTION, ETC. (IMPRINT) |
| Place of publication, distribution, etc. |
Mount Pleasant, SC : |
| Name of publisher, distributor, etc. |
Arbordale Publishing, |
| Date of publication, distribution, etc. |
c2014. |
| 264 #1 - PRODUCTION, PUBLICATION, DISTRIBUTION, MANUFACTURE, AND COPYRIGHT NOTICE |
| Place of production, publication, distribution, manufacture |
Mount Pleasant, SC : |
| Name of producer, publisher, distributor, manufacturer |
Arbordale Publishing, |
| Date of production, publication, distribution, manufacture, or copyright notice |
c2014. |
| 300 ## - PHYSICAL DESCRIPTION |
| Extent |
1 volume (unpaged) : |
| Other physical details |
color illustrations ; |
| Dimensions |
26 cm. |
| 336 ## - CONTENT TYPE |
| Content type term |
text |
| Source |
rdacontent |
| 337 ## - MEDIA TYPE |
| Media type term |
unmediated |
| Source |
rdamedia |
| 338 ## - CARRIER TYPE |
| Carrier type term |
volume |
| Source |
rdacarrier |
| 490 1# - SERIES STATEMENT |
| Series statement |
Animal helpers |
| 500 ## - GENERAL NOTE |
| General note |
“Incluye 4 páginas de actividades para la enseñanza” – back cover. |
| 504 ## - BIBLIOGRAPHY, ETC. NOTE |
| Bibliography, etc |
Includes bibliographical references. |
| 520 ## - SUMMARY, ETC. |
| Summary, etc. |
"Even powerful birds of prey can get sick or hurt. When that happens, animal helpers at raptor centers come to the rescue! Dedicated staff treats injured, sick, and orphaned animals. They return the birds to their native environment or find forever homes at education and raptor centers for those that can't survive in the wild. Follow along in this photographic journal as staff and volunteers come together to care for these remarkable birds."-- |
| Assigning source |
Provided by publisher. |
| 521 1# - TARGET AUDIENCE NOTE |
| Target audience note |
Ages 4-8. |
| 650 #0 - SUBJECT ADDED ENTRY--TOPICAL TERM |
| Topical term or geographic name as entry element |
Birds of prey |
| General subdivision |
Wounds and injuries |
| -- |
Treatment |
| Form subdivision |
Juvenile literature. |
| 650 #0 - SUBJECT ADDED ENTRY--TOPICAL TERM |
| Topical term or geographic name as entry element |
Wildlife rehabilitation |
| Form subdivision |
Juvenile literature. |
| 650 #0 - SUBJECT ADDED ENTRY--TOPICAL TERM |
| Topical term or geographic name as entry element |
Wildlife rescue |
| Form subdivision |
Juvenile literature. |
| 800 1# - SERIES ADDED ENTRY--PERSONAL NAME |
| Personal name |
Curtis, Jennifer Keats. |
| Title of a work |
Animal helpers. |
| 942 ## - ADDED ENTRY ELEMENTS (KOHA) |
| Source of classification or shelving scheme |
Dewey Decimal Classification |
| Koha item type |
Libro/Book |